[Event "WCO 2016"]
[Site "?"]
[Date "2016.09.13"]
[Round "11"]
[Board "3"]
[WhiteID "13403028"]
[White "Bajarani Ulvi"]
[BlackID "3301915"]
[Black "Delgadillo Adonay"]
[Result "1-0"]
[BlackElo "2232"]
[WhiteElo "2509"]
[LiveChessVersion "1.4.8"]

1. d4 {[%clk 1:30:59]} Nf6 {[%clk 1:30:53]} 2. Bg5 {[%clk 1:31:16]} Ne4
{[%clk 1:30:45]} 3. Bf4 {[%clk 1:31:39]} d5 {[%clk 1:30:38]} 4. e3
{[%clk 1:32:03]} e6 {[%clk 1:23:41]} 5. Bd3 {[%clk 1:31:43]} c5 {[%clk 1:16:38]}
6. c3 {[%clk 1:29:14]} Nf6 {[%clk 1:16:41]} 7. Nf3 {[%clk 1:29:05]} Nc6
{[%clk 1:16:58]} 8. Nbd2 {[%clk 1:29:06]} Be7 {[%clk 1:16:25]} 9. h3
{[%clk 1:28:31]} a6 {[%clk 1:16:27]} 10. Qe2 {[%clk 1:28:32]} Qb6
{[%clk 1:15:40]} 11. Rb1 {[%clk 1:27:49]} h6 {[%clk 1:02:07]} 12. O-O
{[%clk 1:27:36]} Qd8 {[%clk 0:58:25]} 13. dxc5 {[%clk 1:27:15]} Bxc5
{[%clk 0:58:41]} 14. b4 {[%clk 1:27:16]} Bd6 {[%clk 0:59:00]} 15. Bxd6
{[%clk 1:27:38]} Qxd6 {[%clk 0:59:23]} 16. e4 {[%clk 1:27:40]} Ne5
{[%clk 0:56:18]} 17. Nxe5 {[%clk 1:27:43]} Qxe5 {[%clk 0:56:43]} 18. Nf3
{[%clk 1:24:39]} Qxc3 {[%clk 0:48:07]} 19. e5 {[%clk 1:24:53]} Nd7
{[%clk 0:47:39]} 20. Rfc1 {[%clk 1:24:28]} Qa3 {[%clk 0:47:59]} 21. Rc7
{[%clk 1:21:56]} O-O {[%clk 0:28:08]} 22. Nd4 {[%clk 1:20:25]} Rd8
{[%clk 0:18:55]} 23. Rb3 {[%clk 1:19:38]} Qa4 {[%clk 0:19:17]} 24. Bc2
{[%clk 1:19:42]} Nf8 {[%clk 0:19:23]} 25. Rxf7 {[%clk 1:13:36]} Qe8
{[%clk 0:18:01]} 26. Rxg7+ {[%clk 1:13:08]} Kxg7 {[%clk 0:17:02]} 27. Rg3+
{[%clk 1:13:31]} Kh8 {[%clk 0:15:15]} 28. Qg4 {[%clk 1:13:52]} 1-0

[Event "WCO 2016"]
[Site "?"]
[Date "2016.09.13"]
[Round "11"]
[Board "4"]
[WhiteID "3300617"]
[White "Parraga Alejandro"]
[BlackID "13400363"]
[Black "Guliyev Namig"]
[Result "0-1"]
[BlackElo "2577"]
[WhiteElo "2173"]
[LiveChessVersion "1.4.8"]

1. d4 {[%clk 1:30:52]} d5 {[%clk 1:30:54]} 2. c4 {[%clk 1:30:59]} dxc4
{[%clk 1:31:19]} 3. e3 {[%clk 1:30:51]} Nf6 {[%clk 1:31:37]} 4. Bxc4
{[%clk 1:29:54]} e6 {[%clk 1:32:02]} 5. Nf3 {[%clk 1:30:04]} a6 {[%clk 1:32:27]}
6. O-O {[%clk 1:29:26]} b5 {[%clk 1:32:53]} 7. Bd3 {[%clk 1:28:48]} Bb7
{[%clk 1:33:13]} 8. a4 {[%clk 1:27:36]} b4 {[%clk 1:33:38]} 9. Qe2
{[%clk 1:26:49]} c5 {[%clk 1:34:04]} 10. Rd1 {[%clk 1:24:55]} cxd4
{[%clk 1:34:05]} 11. exd4 {[%clk 1:23:48]} Be7 {[%clk 1:34:25]} 12. Nbd2
{[%clk 1:21:30]} O-O {[%clk 1:33:00]} 13. Nc4 {[%clk 1:18:55]} a5
{[%clk 1:33:11]} 14. Bf4 {[%clk 1:15:42]} Nbd7 {[%clk 1:32:56]} 15. Rac1
{[%clk 1:13:14]} Nd5 {[%clk 1:33:19]} 16. Bg3 {[%clk 1:08:44]} N7b6
{[%clk 1:31:52]} 17. Nxb6 {[%clk 1:06:07]} Qxb6 {[%clk 1:32:15]} 18. Ne5
{[%clk 1:05:20]} Rad8 {[%clk 1:25:04]} 19. Bb5 {[%clk 0:59:50]} Bg5
{[%clk 1:19:51]} 20. Ra1 {[%clk 0:50:26]} Qa7 {[%clk 1:12:28]} 21. Nd7
{[%clk 0:42:50]} Rfe8 {[%clk 1:12:42]} 22. Qg4 {[%clk 0:37:43]} Bh6
{[%clk 1:08:46]} 23. Be5 {[%clk 0:27:37]} Ba6 {[%clk 1:06:53]} 24. Nf6+
{[%clk 0:23:09]} Nxf6 {[%clk 1:06:37]} 25. Bxf6 {[%clk 0:23:32]} Bxb5
{[%clk 1:04:51]} 26. Bxd8 {[%clk 0:22:13]} Rxd8 {[%clk 0:57:46]} 27. axb5
{[%clk 0:22:28]} Rd5 {[%clk 0:57:51]} 28. Qe2 {[%clk 0:18:18]} g6
{[%clk 0:58:01]} 29. Qc4 {[%clk 0:16:40]} Qb6 {[%clk 0:58:20]} 30. Rd3
{[%clk 0:13:30]} Bg5 {[%clk 0:53:42]} 31. b3 {[%clk 0:10:03]} Rxb5
{[%clk 0:49:20]} 32. Rad1 {[%clk 0:08:04]} Rd5 {[%clk 0:49:32]} 33. h3
{[%clk 0:07:05]} h5 {[%clk 0:49:48]} 34. Qc8+ {[%clk 0:06:11]} Kg7
{[%clk 0:50:10]} 35. Qc2 {[%clk 0:05:17]} h4 {[%clk 0:50:34]} 36. Qc4
{[%clk 0:04:20]} Qd6 {[%clk 0:50:40]} 37. Qc2 {[%clk 0:03:56]} Bd8
{[%clk 0:50:50]} 38. Rc1 {[%clk 0:02:35]} Bb6 {[%clk 0:51:12]} 39. Qc6
{[%clk 0:01:04]} Qd8 {[%clk 0:49:48]} 40. Qc8 {[%clk 0:30:41]} Qg5
{[%clk 1:15:38]} 41. Qc4 {[%clk 0:26:40]} Qf4 {[%clk 1:15:50]} 42. Rf3
{[%clk 0:20:49]} Qd6 {[%clk 1:12:57]} 43. Qc6 {[%clk 0:18:15]} Qb8
{[%clk 1:12:55]} 44. Rc4 {[%clk 0:16:55]} Qd8 {[%clk 1:10:25]} 45. Qb7
{[%clk 0:14:51]} Rd7 {[%clk 1:10:12]} 46. Qc8 {[%clk 0:13:27]} Qxc8
{[%clk 1:08:45]} 47. Rxc8 {[%clk 0:13:52]} Rxd4 {[%clk 1:09:02]} 48. Kf1
{[%clk 0:12:38]} e5 {[%clk 1:03:09]} 49. Ke2 {[%clk 0:08:15]} e4 {[%clk 1:03:16]}
50. Re3 {[%clk 0:07:35]} f5 {[%clk 1:03:23]} 51. Ke1 {[%clk 0:05:45]} Rd6
{[%clk 1:00:03]} 52. Re2 {[%clk 0:05:56]} Rd3 {[%clk 1:00:31]} 53. Rc6
{[%clk 0:04:30]} Bd4 {[%clk 1:00:36]} 54. Ra2 {[%clk 0:02:38]} Rxb3
{[%clk 1:00:27]} 55. Ra6 {[%clk 0:02:27]} Rb1+ {[%clk 0:59:53]} 56. Ke2
{[%clk 0:02:28]} b3 {[%clk 1:00:12]} 57. R2xa5 {[%clk 0:01:19]} b2
{[%clk 0:59:22]} 58. Rb5 {[%clk 0:00:53]} Rg1 {[%clk 0:59:13]} 0-1

[Event "WCO 2016"]
[Site "?"]
[Date "2016.09.13"]
[Round "11"]
[Board "5"]
[WhiteID "5201268"]
[White "Sadorra Julio Catalino"]
[BlackID "3202305"]
[Black "Smerdon David C"]
[Result "1/2-1/2"]
[BlackElo "2531"]
[WhiteElo "2560"]
[LiveChessVersion "1.4.8"]

1. d4 {[%clk 1:30:56]} d5 {[%clk 1:30:57]} 2. c4 {[%clk 1:31:15]} dxc4
{[%clk 1:31:23]} 3. e3 {[%clk 1:31:33]} e5 {[%clk 1:31:50]} 4. Bxc4
{[%clk 1:31:53]} exd4 {[%clk 1:32:16]} 5. exd4 {[%clk 1:32:09]} Bd6
{[%clk 1:32:41]} 6. Nf3 {[%clk 1:32:27]} Nf6 {[%clk 1:33:03]} 7. Qe2+
{[%clk 1:32:42]} Qe7 {[%clk 1:32:59]} 8. Qxe7+ {[%clk 1:33:05]} Bxe7
{[%clk 1:33:25]} 9. O-O {[%clk 1:33:29]} Be6 {[%clk 1:32:18]} 10. Bxe6
{[%clk 1:33:22]} fxe6 {[%clk 1:32:46]} 11. Ng5 {[%clk 1:27:06]} Kd7
{[%clk 1:30:11]} 12. Re1 {[%clk 1:26:09]} Bb4 {[%clk 1:13:00]} 13. Bd2
{[%clk 1:24:56]} Nc6 {[%clk 0:54:06]} 14. Nxe6 {[%clk 1:21:28]} Rae8
{[%clk 0:54:25]} 15. Nc5+ {[%clk 1:21:28]} Kc8 {[%clk 0:32:08]} 16. Rxe8+
{[%clk 1:07:14]} Rxe8 {[%clk 0:32:37]} 17. Nb3 {[%clk 1:07:38]} Bxd2
{[%clk 0:23:20]} 18. N1xd2 {[%clk 1:08:01]} Nb4 {[%clk 0:23:47]} 19. Kf1
{[%clk 1:01:21]} Nd3 {[%clk 0:23:19]} 20. Nc5 {[%clk 1:01:25]} Nb4
{[%clk 0:17:08]} 21. Nc4 {[%clk 0:57:43]} b6 {[%clk 0:16:03]} 22. Nb3
{[%clk 0:58:07]} a5 {[%clk 0:14:05]} 23. a3 {[%clk 0:48:34]} Nc6 {[%clk 0:09:28]}
24. a4 {[%clk 0:48:40]} Rd8 {[%clk 0:09:42]} 25. Rd1 {[%clk 0:48:04]} Nd5
{[%clk 0:09:47]} 26. Ne3 {[%clk 0:47:02]} Kb7 {[%clk 0:08:32]} 27. Nxd5
{[%clk 0:44:30]} Rxd5 {[%clk 0:09:01]} 28. Ke2 {[%clk 0:44:53]} b5
{[%clk 0:07:25]} 29. Ke3 {[%clk 0:42:32]} Kb6 {[%clk 0:06:32]} 30. axb5
{[%clk 0:37:42]} Kxb5 {[%clk 0:04:33]} 31. Ke4 {[%clk 0:36:19]} Rd8
{[%clk 0:04:06]} 32. d5 {[%clk 0:35:05]} Re8+ {[%clk 0:02:01]} 33. Kf3
{[%clk 0:25:34]} Rf8+ {[%clk 0:01:17]} 34. Kg3 {[%clk 0:25:14]} Rd8
{[%clk 0:01:22]} 35. Kf3 {[%clk 0:19:08]} Kc4 {[%clk 0:00:51]} 36. Nd2+
{[%clk 0:19:09]} Kxd5 {[%clk 0:01:14]} 37. Nb3+ {[%clk 0:19:34]} Kc4
{[%clk 0:01:30]} 38. Nxa5+ Kb5 {[%clk 0:01:58]} 39. Rxd8 {[%clk 0:20:19]} Nxd8
{[%clk 0:02:26]} 40. Nb3 {[%clk 0:50:48]} Kc4 {[%clk 0:32:39]} 41. Nc1
{[%clk 0:49:37]} Kd4 {[%clk 0:29:16]} 42. Kf4 {[%clk 0:48:47]} Nf7
{[%clk 0:23:33]} 43. h4 {[%clk 0:34:26]} Nd6 {[%clk 0:21:57]} 44. g4
{[%clk 0:30:43]} Nc4 {[%clk 0:20:27]} 45. b3 {[%clk 0:29:46]} Nd2
{[%clk 0:20:17]} 46. h5 {[%clk 0:26:36]} Ne4 {[%clk 0:16:42]} 47. f3
{[%clk 0:23:50]} Nc3 {[%clk 0:16:08]} 48. Kg5 {[%clk 0:12:47]} Ke3
{[%clk 0:15:39]} 49. f4 {[%clk 0:13:12]} c5 {[%clk 0:11:59]} 50. Kf5
{[%clk 0:10:54]} Nd5 {[%clk 0:09:23]} 51. Ke6 {[%clk 0:06:57]} Nxf4+
{[%clk 0:09:40]} 52. Kf7 {[%clk 0:07:19]} Nxh5 {[%clk 0:07:00]} 53. gxh5
{[%clk 0:06:47]} g5 {[%clk 0:07:25]} 54. hxg6 {[%clk 0:06:13]} hxg6
{[%clk 0:07:49]} 55. Kxg6 {[%clk 0:06:41]} Kd2 {[%clk 0:08:12]} 56. Kf5
{[%clk 0:05:14]} Kxc1 {[%clk 0:08:34]} 57. Ke5 {[%clk 0:05:42]} Kb2
{[%clk 0:08:59]} 58. Kd5 {[%clk 0:06:11]} Kxb3 {[%clk 0:09:24]} 59. Kxc5
{[%clk 0:06:39]} 1/2-1/2

[Event "WCO 2016"]
[Site "?"]
[Date "2016.09.13"]
[Round "11"]
[Board "6"]
[WhiteID "3202534"]
[White "Zhao Zong-Yuan"]
[BlackID "5201381"]
[Black "Gomez John Paul"]
[Result "1-0"]
[BlackElo "2492"]
[WhiteElo "2550"]
[LiveChessVersion "1.4.8"]

1. d4 {[%clk 1:30:57]} d5 {[%clk 1:30:49]} 2. c4 {[%clk 1:31:09]} c6
{[%clk 1:30:58]} 3. Nf3 {[%clk 1:31:35]} Nf6 {[%clk 1:31:22]} 4. Nc3
{[%clk 1:32:03]} dxc4 {[%clk 1:31:26]} 5. a4 {[%clk 1:32:25]} Bf5
{[%clk 1:31:47]} 6. Ne5 {[%clk 1:32:53]} Nbd7 {[%clk 1:32:07]} 7. Nxc4
{[%clk 1:33:18]} Nb6 {[%clk 1:32:24]} 8. Ne5 {[%clk 1:33:43]} a5 {[%clk 1:32:42]}
9. h4 {[%clk 1:34:08]} h5 {[%clk 1:24:46]} 10. f3 {[%clk 1:33:33]} Nfd7
{[%clk 1:16:06]} 11. e4 {[%clk 1:33:19]} Bh7 {[%clk 1:16:12]} 12. Nd3
{[%clk 1:29:32]} e6 {[%clk 1:15:01]} 13. Be3 {[%clk 1:28:18]} Nc4
{[%clk 1:07:25]} 14. Bf2 {[%clk 1:25:58]} e5 {[%clk 1:04:13]} 15. d5
{[%clk 1:19:12]} Be7 {[%clk 1:00:28]} 16. g3 {[%clk 1:11:42]} O-O
{[%clk 0:58:35]} 17. Bh3 {[%clk 1:10:09]} Nf6 {[%clk 0:53:57]} 18. dxc6
{[%clk 1:01:27]} bxc6 {[%clk 0:51:50]} 19. b3 {[%clk 0:58:05]} Nb6
{[%clk 0:51:54]} 20. Nxe5 {[%clk 0:49:41]} Bb4 {[%clk 0:49:42]} 21. Qxd8
{[%clk 0:42:25]} Rfxd8 {[%clk 0:41:10]} 22. Rc1 {[%clk 0:36:05]} Nbd5
{[%clk 0:41:02]} 23. exd5 {[%clk 0:33:27]} Nxd5 {[%clk 0:41:16]} 24. Nxc6
{[%clk 0:25:26]} Re8+ {[%clk 0:28:51]} 25. Kd2 {[%clk 0:24:02]} Nxc3
{[%clk 0:11:57]} 26. Rxc3 {[%clk 0:24:07]} Bxc3+ {[%clk 0:02:37]} 27. Kxc3
{[%clk 0:24:27]} Re2 {[%clk 0:03:01]} 28. Bc5 {[%clk 0:23:11]} Rc2+
{[%clk 0:03:22]} 29. Kd4 {[%clk 0:23:36]} Rf2 {[%clk 0:03:28]} 30. Re1
{[%clk 0:10:05]} Rxf3 {[%clk 0:02:33]} 31. Bg2 {[%clk 0:07:46]} 1-0

[Event "WCO 2016"]
[Site "?"]
[Date "2016.09.13"]
[Round "11"]
[Board "7"]
[WhiteID "5200016"]
[White "Torre Eugenio"]
[BlackID "3204405"]
[Black "Ly Moulthun"]
[Result "1-0"]
[BlackElo "2513"]
[WhiteElo "2447"]
[LiveChessVersion "1.4.8"]

1. d4 {[%clk 1:30:50]} g6 {[%clk 1:30:25]} 2. e4 {[%clk 1:30:46]} Bg7
{[%clk 1:30:49]} 3. Nf3 {[%clk 1:28:54]} d6 {[%clk 1:31:12]} 4. Bd3
{[%clk 1:26:48]} Nf6 {[%clk 1:30:39]} 5. O-O {[%clk 1:26:52]} O-O
{[%clk 1:31:03]} 6. h3 {[%clk 1:24:58]} Nc6 {[%clk 1:29:31]} 7. c3
{[%clk 1:21:34]} e5 {[%clk 1:29:38]} 8. Re1 {[%clk 1:20:56]} Nh5 {[%clk 1:28:33]}
9. Be3 {[%clk 1:16:23]} h6 {[%clk 1:26:04]} 10. Na3 {[%clk 1:13:07]} a6
{[%clk 1:25:18]} 11. Nc2 {[%clk 1:08:51]} b6 {[%clk 1:22:15]} 12. a4
{[%clk 1:07:11]} Qe8 {[%clk 1:20:11]} 13. b4 {[%clk 0:54:08]} Kh8
{[%clk 1:17:18]} 14. b5 {[%clk 0:45:06]} axb5 {[%clk 1:11:39]} 15. axb5
{[%clk 0:45:11]} Na5 {[%clk 1:12:02]} 16. Nb4 {[%clk 0:40:00]} Be6
{[%clk 1:12:12]} 17. dxe5 {[%clk 0:38:32]} dxe5 {[%clk 1:12:28]} 18. Nd5
{[%clk 0:38:51]} Bxd5 {[%clk 1:08:16]} 19. exd5 {[%clk 0:39:11]} Qd7
{[%clk 1:01:02]} 20. c4 {[%clk 0:32:56]} Rae8 {[%clk 0:46:50]} 21. Bf1
{[%clk 0:32:09]} f5 {[%clk 0:46:05]} 22. Bc1 {[%clk 0:31:14]} e4 {[%clk 0:30:44]}
23. Nd4 {[%clk 0:31:20]} Nb7 {[%clk 0:30:54]} 24. Ba3 {[%clk 0:25:07]} Nc5
{[%clk 0:31:08]} 25. Bxc5 {[%clk 0:20:45]} bxc5 {[%clk 0:31:31]} 26. Ne6
{[%clk 0:20:52]} Rxe6 {[%clk 0:22:52]} 27. dxe6 {[%clk 0:20:59]} Qxe6
{[%clk 0:23:17]} 28. Ra6 {[%clk 0:20:37]} Qe7 {[%clk 0:18:17]} 29. Rxg6
{[%clk 0:16:18]} Nf4 {[%clk 0:18:34]} 30. Rc6 {[%clk 0:15:44]} Qg5
{[%clk 0:17:01]} 31. h4 {[%clk 0:06:03]} Qxh4 {[%clk 0:15:13]} 32. g3
{[%clk 0:06:21]} Qg5 {[%clk 0:15:30]} 33. Qc1 {[%clk 0:06:09]} Be5
{[%clk 0:15:45]} 34. Qe3 {[%clk 0:04:41]} Rd8 {[%clk 0:13:47]} 35. Rb1
{[%clk 0:03:58]} Rd2 {[%clk 0:00:46]} 36. b6 {[%clk 0:02:41]} cxb6
{[%clk 0:00:41]} 37. Rbxb6 {[%clk 0:02:17]} Rd1 {[%clk 0:00:31]} 38. Rxh6+
{[%clk 0:00:49]} Kg7 {[%clk 0:00:55]} 39. Rbg6+ {[%clk 0:01:04]} Qxg6
{[%clk 0:01:13]} 40. Rxg6+ {[%clk 0:31:28]} Nxg6 {[%clk 0:31:35]} 41. Qxc5
{[%clk 0:31:42]} f4 {[%clk 0:30:38]} 42. gxf4 {[%clk 0:31:58]} Bxf4
{[%clk 0:30:16]} 43. Qa3 {[%clk 0:29:09]} Ne5 {[%clk 0:29:23]} 44. Kg2
{[%clk 0:27:20]} Rd2 {[%clk 0:29:41]} 45. Qe7+ {[%clk 0:25:34]} Kg6
{[%clk 0:29:42]} 46. Qe8+ {[%clk 0:14:19]} Kg5 {[%clk 0:28:00]} 47. Qg8+
{[%clk 0:14:07]} Ng6 {[%clk 0:19:12]} 48. Kg1 {[%clk 0:14:25]} e3
{[%clk 0:16:26]} 49. fxe3 {[%clk 0:14:37]} Bxe3+ {[%clk 0:16:51]} 50. Kh1
{[%clk 0:14:57]} Bf4 {[%clk 0:17:06]} 51. c5 {[%clk 0:13:14]} Kf6
{[%clk 0:14:54]} 52. c6 {[%clk 0:10:15]} Bc7 {[%clk 0:10:56]} 53. Qc8
{[%clk 0:08:47]} Rh2+ {[%clk 0:10:54]} 54. Kg1 {[%clk 0:09:11]} Rh7
{[%clk 0:11:13]} 55. Bd3 {[%clk 0:09:24]} Bb6+ {[%clk 0:10:09]} 56. Kf1
{[%clk 0:09:05]} Rf7 {[%clk 0:10:21]} 57. Bc4 {[%clk 0:08:37]} Rf8
{[%clk 0:10:24]} 58. Qe6+ {[%clk 0:08:20]} Kg5+ {[%clk 0:10:19]} 59. Ke1
{[%clk 0:08:38]} Rd8 {[%clk 0:10:22]} 60. Qf7 {[%clk 0:06:40]} Ba5+
{[%clk 0:10:30]} 61. Ke2 {[%clk 0:07:00]} Nf4+ {[%clk 0:10:30]} 62. Kf3
{[%clk 0:06:45]} Ng6 {[%clk 0:10:56]} 63. Ke4 {[%clk 0:06:31]} Bb6
{[%clk 0:11:21]} 64. Qf5+ {[%clk 0:06:23]} Kh6 {[%clk 0:11:47]} 65. Bd5
{[%clk 0:04:55]} Re8+ {[%clk 0:10:49]} 66. Be6 {[%clk 0:04:25]} Bc7
{[%clk 0:11:15]} 67. Kd4 {[%clk 0:04:19]} Rd8+ {[%clk 0:11:09]} 68. Kc3
{[%clk 0:03:52]} Rd6 {[%clk 0:11:11]} 69. Bd7 {[%clk 0:04:03]} Ne5
{[%clk 0:11:06]} 70. Qf8+ {[%clk 0:03:58]} Kg5 {[%clk 0:11:18]} 71. Qc8
{[%clk 0:04:08]} Ba5+ {[%clk 0:11:30]} 72. Kb3 {[%clk 0:04:18]} Rd3+
{[%clk 0:11:34]} 73. Ka4 {[%clk 0:04:20]} Bd2 {[%clk 0:11:01]} 74. Qe8
{[%clk 0:03:11]} Kf4 {[%clk 0:11:06]} 75. Qe6 {[%clk 0:03:11]} Rd4+
{[%clk 0:11:05]} 76. Kb3 {[%clk 0:03:20]} Nxd7 {[%clk 0:09:47]} 77. cxd7
{[%clk 0:03:27]} Ba5 {[%clk 0:10:11]} 78. Qf6+ {[%clk 0:02:38]} Ke4
{[%clk 0:10:34]} 79. Qa6 {[%clk 0:02:48]} Rd5 {[%clk 0:10:30]} 80. Qxa5
{[%clk 0:03:02]} Rxd7 {[%clk 0:10:50]} 81. Qa8+ {[%clk 0:02:55]} Ke5
{[%clk 0:11:07]} 82. Qe8+ {[%clk 0:03:00]} Kd6 {[%clk 0:11:32]} 83. Kc4
{[%clk 0:03:24]} Rb7 {[%clk 0:11:44]} 84. Qg6+ {[%clk 0:03:45]} Kc7
{[%clk 0:12:02]} 85. Kc5 {[%clk 0:04:07]} Kb8 {[%clk 0:12:24]} 86. Qe4
{[%clk 0:04:02]} Kc7 {[%clk 0:11:50]} 87. Qf3 {[%clk 0:03:54]} Rb1
{[%clk 0:10:38]} 88. Qf4+ {[%clk 0:03:41]} Kd8 {[%clk 0:10:51]} 89. Qg5+
{[%clk 0:03:15]} Kc7 {[%clk 0:10:42]} 90. Qe5+ {[%clk 0:03:37]} 1-0

[Event "WCO 2016"]
[Site "?"]
[Date "2016.09.13"]
[Round "11"]
[Board "8"]
[WhiteID "3208923"]
[White "Smirnov Anton"]
[BlackID "5200059"]
[Black "Barcenilla Rogelio"]
[Result "1-0"]
[BlackElo "2455"]
[WhiteElo "2482"]
[LiveChessVersion "1.4.8"]

1. d4 {[%clk 1:30:23]} Nf6 {[%clk 1:30:53]} 2. c4 {[%clk 1:30:47]} g6
{[%clk 1:31:13]} 3. Nc3 {[%clk 1:31:12]} Bg7 {[%clk 1:31:37]} 4. e4
{[%clk 1:31:34]} d6 {[%clk 1:32:03]} 5. Nf3 {[%clk 1:31:59]} O-O {[%clk 1:32:25]}
6. Be2 {[%clk 1:32:24]} e5 {[%clk 1:32:49]} 7. O-O {[%clk 1:32:31]} Nc6
{[%clk 1:33:15]} 8. d5 {[%clk 1:32:57]} Ne7 {[%clk 1:33:39]} 9. Ne1
{[%clk 1:33:21]} Nd7 {[%clk 1:33:59]} 10. f3 {[%clk 1:33:45]} f5 {[%clk 1:34:24]}
11. g4 {[%clk 1:34:10]} Kh8 {[%clk 1:28:31]} 12. Nd3 {[%clk 1:33:56]} Ng8
{[%clk 1:26:19]} 13. Kh1 {[%clk 1:33:26]} Bh6 {[%clk 1:26:30]} 14. Bxh6
{[%clk 1:32:17]} Nxh6 {[%clk 1:26:53]} 15. exf5 {[%clk 1:32:27]} gxf5
{[%clk 1:27:13]} 16. Qd2 {[%clk 1:32:46]} f4 {[%clk 1:23:20]} 17. Nf2
{[%clk 1:25:52]} Nf7 {[%clk 1:23:15]} 18. Bd3 {[%clk 1:21:57]} Rg8
{[%clk 1:22:04]} 19. Rg1 {[%clk 1:19:14]} a6 {[%clk 1:16:56]} 20. Nfe4
{[%clk 1:13:50]} Nf6 {[%clk 1:15:10]} 21. Qf2 {[%clk 1:04:16]} Nxe4
{[%clk 1:15:10]} 22. Nxe4 {[%clk 1:04:39]} Ng5 {[%clk 1:15:20]} 23. Nxg5
{[%clk 1:03:32]} Qxg5 {[%clk 1:15:42]} 24. c5 {[%clk 1:03:56]} Qd8
{[%clk 1:10:27]} 25. Rac1 {[%clk 1:00:39]} Rg7 {[%clk 1:07:44]} 26. Rc2
{[%clk 0:53:40]} Bd7 {[%clk 1:06:56]} 27. Rgc1 {[%clk 0:50:34]} Be8
{[%clk 0:52:26]} 28. cxd6 {[%clk 0:50:23]} Qxd6 {[%clk 0:52:34]} 29. Qc5
{[%clk 0:50:35]} Bg6 {[%clk 0:52:45]} 30. Qxd6 {[%clk 0:43:56]} cxd6
{[%clk 0:53:09]} 31. Bxg6 {[%clk 0:41:33]} hxg6 {[%clk 0:52:48]} 32. g5
{[%clk 0:37:55]} Re8 {[%clk 0:49:35]} 33. Kg2 {[%clk 0:36:14]} e4
{[%clk 0:43:51]} 34. Rc8 {[%clk 0:35:35]} Rge7 {[%clk 0:43:47]} 35. Rxe8+
{[%clk 0:35:39]} Rxe8 {[%clk 0:44:13]} 36. fxe4 {[%clk 0:35:58]} Rxe4
{[%clk 0:44:37]} 37. Kf3 {[%clk 0:36:20]} Rd4 {[%clk 0:44:25]} 38. Rc8+
{[%clk 0:36:21]} Kg7 {[%clk 0:44:48]} 39. Rc7+ {[%clk 0:36:47]} Kf8
{[%clk 0:45:12]} 40. Rxb7 {[%clk 1:06:53]} Rxd5 {[%clk 1:15:08]} 41. Kxf4
{[%clk 1:05:52]} Rd2 {[%clk 1:14:09]} 42. h3 {[%clk 0:57:40]} Rd4+
{[%clk 1:12:29]} 43. Kf3 {[%clk 0:55:40]} Rd3+ {[%clk 1:12:08]} 44. Ke4
{[%clk 0:54:59]} Rxh3 {[%clk 1:12:29]} 45. Rb6 {[%clk 0:55:19]} Rh2
{[%clk 1:10:44]} 46. Kd5 {[%clk 0:55:35]} Rg2 {[%clk 1:08:37]} 47. Kxd6
{[%clk 0:55:56]} Rxg5 {[%clk 1:09:01]} 48. Rxa6 {[%clk 0:56:20]} Rb5
{[%clk 1:09:23]} 49. b3 {[%clk 0:56:17]} g5 {[%clk 1:09:45]} 50. Ra4
{[%clk 0:53:00]} Kf7 {[%clk 1:07:54]} 51. Rc4 {[%clk 0:51:43]} Kf6
{[%clk 1:06:50]} 52. b4 {[%clk 0:52:05]} Rf5 {[%clk 1:03:47]} 53. a4
{[%clk 0:51:27]} Rf4 {[%clk 1:02:50]} 54. Kd5 {[%clk 0:51:47]} Rf5+
{[%clk 1:02:22]} 55. Kc6 {[%clk 0:51:52]} Rf4 {[%clk 1:02:36]} 56. Kb5
{[%clk 0:52:19]} Rf5+ {[%clk 1:02:59]} 57. Kb6 {[%clk 0:50:07]} Rf4
{[%clk 1:02:53]} 58. Rc6+ {[%clk 0:50:31]} Kf5 {[%clk 1:02:50]} 59. Kb5
{[%clk 0:50:34]} g4 {[%clk 1:01:22]} 60. a5 {[%clk 0:50:37]} g3 {[%clk 0:51:51]}
61. Rc1 {[%clk 0:49:25]} Ke4 {[%clk 0:36:36]} 62. a6 {[%clk 0:49:34]} Rf5+
{[%clk 0:36:15]} 63. Kb6 {[%clk 0:49:43]} Rf6+ {[%clk 0:36:13]} 64. Ka5
{[%clk 0:50:03]} Rf7 {[%clk 0:29:57]} 65. b5 {[%clk 0:46:36]} Kd4
{[%clk 0:29:08]} 66. b6 {[%clk 0:44:53]} g2 {[%clk 0:22:57]} 67. b7
{[%clk 0:44:45]} Rf5+ {[%clk 0:19:42]} 68. Ka4 {[%clk 0:45:06]} 1-0

[Event "WCO 2016"]
[Site "?"]
[Date "2016.09.13"]
[Round "11"]
[Board "5"]
[WhiteID "2905710"]
[White "Nikolov Momchil"]
[BlackID "2806851"]
[Black "Rodshtein Maxim"]
[Result "1/2-1/2"]
[BlackElo "2687"]
[WhiteElo "2585"]
[LiveChessVersion "1.4.8"]

1. d4 {[%clk 1:30:56]} Nf6 {[%clk 1:30:52]} 2. c4 {[%clk 1:31:16]} g6
{[%clk 1:31:07]} 3. Nc3 {[%clk 1:31:22]} d5 {[%clk 1:31:28]} 4. cxd5
{[%clk 1:31:45]} Nxd5 {[%clk 1:31:54]} 5. Bd2 {[%clk 1:32:01]} Bg7
{[%clk 1:30:29]} 6. e4 {[%clk 1:32:07]} Nb6 {[%clk 1:30:15]} 7. Be3
{[%clk 1:32:16]} O-O {[%clk 1:30:39]} 8. h3 {[%clk 1:32:13]} e5 {[%clk 1:30:32]}
9. Nf3 {[%clk 1:31:02]} exd4 {[%clk 1:30:30]} 10. Bxd4 {[%clk 1:29:18]} Nc6
{[%clk 1:30:21]} 11. Bxg7 {[%clk 1:29:12]} Qxd1+ {[%clk 1:30:18]} 12. Rxd1
{[%clk 1:28:33]} Kxg7 {[%clk 1:30:41]} 13. Bb5 {[%clk 1:17:23]} Nb4
{[%clk 1:29:33]} 14. a3 {[%clk 1:08:50]} a6 {[%clk 1:29:42]} 15. Be2
{[%clk 1:08:23]} Nc6 {[%clk 1:29:53]} 16. Nd5 {[%clk 1:06:35]} Nxd5
{[%clk 1:29:00]} 17. exd5 {[%clk 1:03:53]} Ne7 {[%clk 1:21:35]} 18. d6
{[%clk 1:03:58]} cxd6 {[%clk 1:21:51]} 19. Rxd6 {[%clk 1:04:22]} Nf5
{[%clk 1:17:01]} 20. Rd2 {[%clk 1:03:09]} Be6 {[%clk 1:16:37]} 21. O-O
{[%clk 1:01:44]} Rfd8 {[%clk 1:12:05]} 22. Rfd1 {[%clk 1:00:21]} Rxd2
{[%clk 1:11:44]} 23. Rxd2 {[%clk 1:00:46]} Kf6 {[%clk 1:08:49]} 24. Kf1
{[%clk 0:48:34]} Rc8 {[%clk 1:06:32]} 25. Bd3 {[%clk 0:46:17]} h5
{[%clk 0:57:03]} 26. h4 {[%clk 0:41:23]} Ke7 {[%clk 0:22:39]} 27. Rc2
{[%clk 0:33:04]} Rxc2 {[%clk 0:22:22]} 28. Bxc2 {[%clk 0:33:31]} Nd6
{[%clk 0:22:39]} 29. Nd2 {[%clk 0:33:08]} Bf5 {[%clk 0:22:19]} 30. Bd1
{[%clk 0:31:37]} f6 {[%clk 0:20:02]} 31. g3 {[%clk 0:30:05]} 1/2-1/2